[Event "Smith Morra Gambit"]
[Site "SchemingMind.com"]
[Date "2008.12.18"]
[Round "-"]
[White "aadaam"]
[Black "Gary"]
[Result "1/2-1/2"]
[WhiteCountry "INT"]
[BlackCountry "ENG"]
[WhiteElo "1768"]
[WhiteRD "44"]
[BlackElo "1619"]
[BlackRD "73"]
[GameID "184047"]

1. e4 c5 2. d4 cxd4 3. c3 dxc3 4. Nxc3 Nc6 5. Nf3 e5 6. Bc4 Nf6 7. O-O Be7 8. Re1 O-O 9. a3 a6 10. b4 b5
11. Ba2 Bb7 12. Bb2 h6 13. Nd5 d6 14. Nxe7+ Qxe7 15. Qb3 Rac8 16. Rad1 Nd8 17. Bb1 Ne6 18. Nd2 Rfd8 19. f3 d5 20. exd5 Bxd5
21. Qe3 Bc4 22. Nxc4 Rxc4 23. Qxe5 Rcc8 24. Qf5 Rxd1 25. Rxd1 Rc4 26. Bxf6 Qxf6 27. Qd5 g6 28. Qa8+ Kg7 29. Qxa6 Nf4 30. Qxf6+ Kxf6
31. Bd3 Nxd3 32. Rxd3 Ke6 33. Kf2 Rc6 34. h4 f5 35. g4 fxg4 36. fxg4 Rc4 37. Kg3 Re4 38. Kf3 Rc4 39. Re3+ Kf6 40. Re4 Rxe4
41. Kxe4 Ke6 42. Kd4 Kd6 43. Ke4 Ke6 44. Kd4 Kd6 45. Ke4=
1/2-1/2

[Event "Smith Morra Gambit"]
[Site "SchemingMind.com"]
[Date "2008.12.18"]
[Round "-"]
[White "Gary"]
[Black "aadaam"]
[Result "0-1"]
[WhiteCountry "ENG"]
[BlackCountry "INT"]
[WhiteElo "1619"]
[WhiteRD "73"]
[BlackElo "1768"]
[BlackRD "44"]
[GameID "184048"]

1. e4 c5 2. d4 cxd4 3. c3 dxc3 4. Nxc3 e6 5. Nf3 Nc6 6. Bb5 a6 7. Bxc6 bxc6 8. O-O Nf6 9. Bg5 Be7 10. Qd2 d5
11. exd5 cxd5 12. Rac1 Bb7 13. Rfd1 O-O 14. a3 Rc8 15. Ne5 Nd7 16. Bxe7 Qxe7 17. Nxd7 Qxd7 18. Ne2 Rxc1 19. Rxc1 e5 20. Nc3 d4
21. Ne2 f6 22. f3 Qb5 23. b4 Rd8 24. Rc5 Qd7 25. Rc4 Qe6 26. Qd3 Bc6 27. Rc1 Bb5 28. Qd2 Bxe2 29. Qxe2 f5 30. Rc5 Rd5
31. Qc4 Rd6 32. Qxe6+ Rxe6 33. Kf2 e4 34. Rxf5 e3+ 35. Ke2 d3+
0-1

[Event "Smith Morra Gambit"]
[Site "SchemingMind.com"]
[Date "2008.12.19"]
[Round "-"]
[White "Kenny Elliott"]
[Black "Gary"]
[Result "1/2-1/2"]
[WhiteCountry "USA"]
[BlackCountry "ENG"]
[WhiteElo "1549"]
[WhiteRD "68"]
[BlackElo "1591"]
[BlackRD "63"]
[GameID "184121"]

1. e4 c5 2. d4 cxd4 3. c3 dxc3 4. Nxc3 e5 5. Nf3 Nc6 6. Bc4 Bb4 7. Bd2 Nf6 8. O-O O-O 9. a3 Bxc3 10. Bxc3 d6
11. Qc2 Bg4 12. Nd2 Re8 13. h3 Be6 14. Bb5 Rc8 15. Rad1 Nd4 16. Qd3 Nxb5 17. Qxb5 b6 18. Qb4 Qc7 19. Nf3 Red8 20. Rd2 Qc4
21. Ng5 Qxb4 22. Bxb4 d5 23. Rfd1 h6 24. Nxe6 fxe6 25. Be7 Rd7 26. Bxf6 gxf6 27. exd5 exd5 28. Rxd5 Rxd5 29. Rxd5 Rc7=
1/2-1/2

[Event "Smith Morra Gambit"]
[Site "SchemingMind.com"]
[Date "2008.12.18"]
[Round "-"]
[White "Kenny Elliott"]
[Black "aadaam"]
[Result "0-1"]
[WhiteCountry "USA"]
[BlackCountry "INT"]
[WhiteElo "1549"]
[WhiteRD "68"]
[BlackElo "1753"]
[BlackRD "46"]
[GameID "184122"]

1. e4 c5 2. d4 cxd4 3. c3 Nf6 4. cxd4 Nxe4 5. Qf3 d5 6. Bd3 Nf6 7. Nc3 Bg4 8. Qe3 e6 9. Nf3 Nc6 10. O-O Bxf3
11. Qxf3 Be7 12. Bf4 Nxd4 13. Qg3 Nh5 14. Qe3 Nxf4 15. Qxf4 Bf6 16. Nb5 Nxb5 17. Bxb5+ Ke7 18. Qb4+ Qd6 19. Qd2 Rac8 20. Bd3 Qb6
21. Rab1 Rc7 22. b3 g6 23. h3 h5 24. a4 Rhc8 25. a5 Qd6 26. b4 Rc3 27. Rfd1 Kf8 28. Qe3 b6 29. axb6 Qxb6 30. Qh6+ Ke7
31. Qf4 a5 32. bxa5 Qxa5 33. Rb7+ R8c7 34. Rb5 Qa3 35. Qxc7+ Rxc7 36. Rbb1 Be5 37. Re1 Qxd3
0-1

[Event "Smith Morra Gambit"]
[Site "SchemingMind.com"]
[Date "2008.12.19"]
[Round "-"]
[White "Gary"]
[Black "Kenny Elliott"]
[Result "1-0"]
[WhiteCountry "ENG"]
[BlackCountry "USA"]
[WhiteElo "1591"]
[WhiteRD "63"]
[BlackElo "1549"]
[BlackRD "68"]
[GameID "184123"]

1. e4 c5 2. d4 cxd4 3. c3 dxc3 4. Nxc3 e5 5. Nf3 Nc6 6. Be2 Bb4 7. Qd3 Nf6 8. O-O Bxc3 9. bxc3 O-O 10. Bg5 h6
11. Bxf6 Qxf6 12. Rab1 Rb8 13. Rfd1 Ne7 14. h3 Rd8 15. Qe3 b6 16. Bb5 a6 17. Bc4 b5 18. Bb3 Bb7 19. Rd2 Bc6 20. Rbd1 Rb7
21. Rd6 Qf4 22. Qxf4 exf4 23. Ne5 Kh7 24. Nxc6 Nxc6 25. Rxc6 dxc6 26. Rxd8 a5 27. Rd6 c5 28. c4 bxc4 29. Bxc4 Rb1+ 30. Kh2 Rb4
31. Bxf7 Rb8 32. Rc6
1-0

[Event "Smith Morra Gambit"]
[Site "SchemingMind.com"]
[Date "2008.12.18"]
[Round "-"]
[White "aadaam"]
[Black "Kenny Elliott"]
[Result "1-0"]
[WhiteCountry "INT"]
[BlackCountry "USA"]
[WhiteElo "1768"]
[WhiteRD "44"]
[BlackElo "1512"]
[BlackRD "81"]
[GameID "184124"]

1. e4 c5 2. d4 d5 3. exd5 Qxd5 4. c3 Nc6 5. Nf3 a6 6. Be3 Bg4 7. Be2 Nf6 8. c4 Qd6 9. d5 Bxf3 10. Bxf3 g6
11. dxc6 bxc6 12. O-O Bg7 13. Qxd6 exd6 14. Bxc6+ Ke7 15. Re1 Rhb8 16. Bxa8 Rxa8 17. Bxc5+ Kd7 18. Bd4 Re8 19. Rxe8 Kxe8 20. Nc3 Kd7
21. Re1 Kc6 22. Re7
1-0

[Event "Smith Morra Gambit"]
[Site "SchemingMind.com"]
[Date "2008.12.26"]
[Round "-"]
[White "jdcald13"]
[Black "Gary"]
[Result "1-0"]
[WhiteCountry "USA"]
[BlackCountry "ENG"]
[WhiteElo "1881"]
[WhiteRD "78"]
[BlackElo "1619"]
[BlackRD "73"]
[GameID "185122"]

1. e4 c5 2. d4 cxd4 3. c3 dxc3 4. Bc4 Nc6 5. Nxc3 Nf6 6. Nf3 e6 7. e5 Ng4 8. Bf4 Qb6 9. Qe2 Bb4 10. O-O Bxc3
11. bxc3 Nh6 12. Rab1 Qc7 13. Bxh6 gxh6 14. Rfd1 Rg8 15. Bd3 Rg7 16. Qe3 h5 17. Qh6
1-0

[Event "Smith Morra Gambit"]
[Site "SchemingMind.com"]
[Date "2008.12.26"]
[Round "-"]
[White "jdcald13"]
[Black "Kenny Elliott"]
[Result "1-0"]
[WhiteCountry "USA"]
[BlackCountry "USA"]
[WhiteElo "1849"]
[WhiteRD "66"]
[BlackElo "1549"]
[BlackRD "68"]
[GameID "185123"]

1. e4 c5 2. d4 cxd4 3. c3 Nc6 4. cxd4 e6 5. Nf3 Bb4+ 6. Bd2 Bxd2+ 7. Nbxd2 Nge7 8. Be2 O-O 9. O-O f5 10. Bd3 Nb4
11. Bb1 fxe4 12. Bxe4 d5 13. Bb1 Rb8 14. a3 Nbc6 15. Qc2 Ng6 16. h4 Nxd4 17. Nxd4 Qxh4 18. N2f3 Qh6 19. Re1 Rf6 20. Qc7 Ra8
21. Bxg6 Rxg6 22. Qd8+ Kf7 23. Ne5#
1-0

[Event "Smith Morra Gambit"]
[Site "SchemingMind.com"]
[Date "2008.12.26"]
[Round "-"]
[White "jdcald13"]
[Black "aadaam"]
[Result "1/2-1/2"]
[WhiteCountry "USA"]
[BlackCountry "INT"]
[WhiteElo "1849"]
[WhiteRD "66"]
[BlackElo "1753"]
[BlackRD "46"]
[GameID "185124"]

1. e4 c5 2. d4 cxd4 3. Nf3 d6 4. Nxd4 Nf6 5. Nc3 Nc6 6. Bc4 g6 7. Bg5 Bg7 8. Qd2 Nxe4 9. Nxc6 Nxd2 10. Bxf7+ Kxf7
11. Nxd8+ Rxd8 12. Bxd2 Bd7 13. O-O-O Bc6 14. f3 a6 15. Rhe1 Rac8 16. Bg5 Bf6 17. Bxf6 Kxf6 18. Nd5+ Bxd5 19. Rxd5 e6 20. Rd3 Rc6
21. Rb3 Rdc8 22. Re2 b5 23. Rbe3 d5 24. f4 a5 25. a3 h6 26. g4 Re8 27. b3 g5 28. f5 e5 29. Kd2 h5 30. h3 h4
31. c3 a4 32. b4 Rc4 33. Re1 Rf4 34. Ke2 Rc4 35. Kd2=
1/2-1/2

[Event "Smith Morra Gambit"]
[Site "SchemingMind.com"]
[Date "2008.12.27"]
[Round "-"]
[White "Gary"]
[Black "jdcald13"]
[Result "0-1"]
[WhiteCountry "ENG"]
[BlackCountry "USA"]
[WhiteElo "1412"]
[WhiteRD "58"]
[BlackElo "1872"]
[BlackRD "64"]
[GameID "185125"]

1. e4 c5 2. d4 cxd4 3. c3 dxc3 4. Nxc3 Nc6 5. Nf3 d6 6. Bc4 e6 7. O-O Nf6 8. Bg5 Be7 9. Re1 O-O 10. a3 a6
11. Qc2 b5 12. Bd3 Ne5 13. Nxe5 dxe5 14. Rad1 Qc7 15. Qd2 Bb7 16. Kh1 Rfd8 17. Qe2 Rd7 18. f3 Nxe4 19. Nxe4 Bxe4 20. Bxe4 Rxd1
21. Rxd1 Rc8 22. Bxe7 Qxe7 23. Qd3 f5 24. Bxf5 exf5 25. Qxf5 Rf8 26. Qd7 Qxd7 27. Rxd7 e4 28. Rd6= exf3 29. gxf3 Rxf3 30. Rxa6 Rb3
31. a4 bxa4 32. Rxa4 Rxb2 33. Rf4 g6 34. Rf6 Kg7 35. Ra6 h5 36. Rc6 Kh6 37. Rc4 Kg5 38. Rd4 Kf5 39. Kg1 g5 40. Rc4 h4
41. h3 Re2 42. Rb4 Re4 43. Rxe4 Kxe4 44. Kg2 Ke3
0-1

[Event "Smith Morra Gambit"]
[Site "SchemingMind.com"]
[Date "2008.12.25"]
[Round "-"]
[White "Kenny Elliott"]
[Black "jdcald13"]
[Result "0-1"]
[WhiteCountry "USA"]
[BlackCountry "USA"]
[WhiteElo "1558"]
[WhiteRD "69"]
[BlackElo "1863"]
[BlackRD "64"]
[GameID "185126"]

1. e4 c5 2. d4 cxd4 3. c3 dxc3 4. Nxc3 Nc6 5. Bc4 e6 6. Nf3 d6 7. O-O Nf6 8. Bg5 Be7 9. Re1 O-O 10. h3 a6
11. Rb1 b5 12. Bb3 Bb7 13. Qc2 Rc8 14. Qe2 Nd7 15. Bxe7 Qxe7 16. Rbd1 Nde5 17. Rd2 Nxf3+ 18. Qxf3 Ne5 19. Qg3 Rfd8 20. Bd1 b4
21. Ne2 Bxe4 22. Rd4 Qb7 23. Rxd6 Rxd6 24. Qxe5 Rcd8 25. Bb3 Bxg2 26. Nf4 Bc6 27. Nh5 f6 28. Bxe6+ Kh8 29. Nxf6 gxf6 30. Qxf6+ Qg7+
31. Qxg7+ Kxg7 32. Bc4 Rd1 33. Rxd1 Rxd1+ 34. Kh2 h5 35. Bxa6 h4
0-1

[Event "Smith Morra Gambit"]
[Site "SchemingMind.com"]
[Date "2008.12.25"]
[Round "-"]
[White "aadaam"]
[Black "jdcald13"]
[Result "0-1"]
[WhiteCountry "INT"]
[BlackCountry "USA"]
[WhiteElo "1768"]
[WhiteRD "44"]
[BlackElo "1881"]
[BlackRD "78"]
[GameID "185127"]

1. e4 c5 2. d4 cxd4 3. c3 dxc3 4. Nxc3 Nc6 5. Bc4 e6 6. Nf3 d6 7. O-O Nf6 8. Re1 Be7 9. a3 O-O 10. b4 a6
11. Bb2 b5 12. Ba2 Bb7 13. Ng5 h6 14. Nf3 Rc8 15. Rc1 Qb6 16. Qe2 Rfd8 17. Bb1 Qa7 18. h3 Nd7 19. Rc2 Nde5 20. Rec1 Nxf3+
21. Qxf3 Nd4 22. Qg3 Nxc2 23. Nxb5 Qd4 24. Nxd4 Nxd4 25. Rxc8 Ne2+
0-1

[Event "Smith Morra Gambit"]
[Site "SchemingMind.com"]
[Date "2008.12.30"]
[Round "-"]
[White "lame wolf"]
[Black "Gary"]
[Result "0-1"]
[WhiteCountry "INT"]
[BlackCountry "ENG"]
[WhiteElo "1025"]
[WhiteRD "56"]
[BlackElo "1619"]
[BlackRD "73"]
[GameID "185581"]

1. e4 c5 2. d4 cxd4 3. Qxd4 Nc6 4. Qd1 Nf6 5. Bd3 d6 6. Be3 e6 7. Nf3 Be7 8. O-O O-O 9. c4 b6 10. e5 dxe5
11. Nbd2 Qxd3 12. b3 Bb7 13. Ne1 Qd7 14. Nc2 Rfd8 15. Nf3 Qc7 16. Qe2 Rd7 17. Rfd1 Rad8 18. Rxd7 Qxd7 19. a3 Ng4 20. b4 Nxe3
21. Nxe3 Nd4 22. Nxd4 exd4 23. Nc2 d3
0-1

[Event "Smith Morra Gambit"]
[Site "SchemingMind.com"]
[Date "2008.12.31"]
[Round "-"]
[White "lame wolf"]
[Black "Kenny Elliott"]
[Result "0-1"]
[WhiteCountry "INT"]
[BlackCountry "USA"]
[WhiteElo "1025"]
[WhiteRD "56"]
[BlackElo "1512"]
[BlackRD "81"]
[GameID "185582"]

1. e4 c5 2. d4 cxd4 3. Qxd4 Nc6 4. Qd1 e6 5. Bd3 Nf6 6. Nd2 Bc5 7. Nh3 O-O 8. Nf3 d5 9. exd5 Nxd5 10. Qe2 Re8
11. Be3 Bb4+ 12. c3 Nxc3 13. Qc2 Ne4+ 14. Ke2 e5 15. Bxe4 Bg4 16. Qd1 Bxf3+ 17. Kxf3 Qf6+ 18. Bf4 Red8 19. Qe2 Nd4+
0-1

[Event "Smith Morra Gambit"]
[Site "SchemingMind.com"]
[Date "2008.12.31"]
[Round "-"]
[White "lame wolf"]
[Black "jdcald13"]
[Result "0-1"]
[WhiteCountry "INT"]
[BlackCountry "USA"]
[WhiteElo "1025"]
[WhiteRD "56"]
[BlackElo "1881"]
[BlackRD "78"]
[GameID "185583"]

1. e4 c5 2. d4 cxd4 3. Qxd4 Nc6 4. Qd1 Nf6 5. Bd3 d6 6. Be3 g6 7. Nd2 Bg7 8. Ngf3 O-O 9. O-O Bd7 10. c3 Qa5
11. b4 Qh5 12. Be2 Ng4 13. h3 Nxe3 14. fxe3 Bh6 15. Ne5 Bxe3+ 16. Kh2 Qxe5+ 17. g3 Qxc3 18. Nf3 Nxb4
0-1

[Event "Smith Morra Gambit"]
[Site "SchemingMind.com"]
[Date "2008.12.29"]
[Round "-"]
[White "lame wolf"]
[Black "aadaam"]
[Result "0-1"]
[WhiteCountry "INT"]
[BlackCountry "INT"]
[WhiteElo "995"]
[WhiteRD "52"]
[BlackElo "1778"]
[BlackRD "44"]
[GameID "185584"]

1. e4 c5 2. d4 cxd4 3. Qxd4 Nc6 4. Qe3 g6 5. c3 Bh6 6. f4 Nf6 7. e5 Nd5 8. Qe4 Nc7 9. Bd3 O-O 10. Be3 b6
11. Qf3 Bb7 12. Be4 Ne6 13. Bxc6 Bxc6 14. Qf2 Bxf4 15. Bxf4 Nxf4 16. Qxf4 Bxg2 17. Nf3 Bxh1
0-1

[Event "Smith Morra Gambit"]
[Site "SchemingMind.com"]
[Date "2008.12.30"]
[Round "-"]
[White "Gary"]
[Black "lame wolf"]
[Result "1-0"]
[WhiteCountry "ENG"]
[BlackCountry "INT"]
[WhiteElo "1619"]
[WhiteRD "73"]
[BlackElo "1025"]
[BlackRD "56"]
[GameID "185585"]

1. e4 c5 2. d4 e6 3. Nf3 b6 4. Be2 Bb7 5. Nc3 Nc6 6. O-O Nxd4 7. Nxd4 cxd4 8. Qxd4 Qc7 9. Be3 Bc5 10. Qd3 Bxe3
11. Qxe3 Nf6 12. f3 Bc6 13. Rad1 Rd8 14. Rd2 O-O 15. Rfd1 e5 16. Bb5 Bxb5 17. Nxb5 Qb7 18. Rd6 Ne8 19. R6d5 d6 20. Rxe5 Qc6
21. Nc3 dxe5 22. Rxd8 Nf6 23. Rxf8+ Kxf8 24. Qd3 g6 25. Kf2 Nd7 26. Qd5 Qxd5 27. Nxd5 b5 28. Ke2 a5 29. a3 b4 30. axb4 axb4
31. Nxb4 f5 32. Ke3 f4+ 33. Kd3 g5 34. Nc6 Nc5+ 35. Kc4 Nd7 36. b4 Nb6+ 37. Kc5 Na4+ 38. Kb5 Ke8 39. Kxa4
1-0

[Event "Smith Morra Gambit"]
[Site "SchemingMind.com"]
[Date "2008.12.30"]
[Round "-"]
[White "Kenny Elliott"]
[Black "lame wolf"]
[Result "1-0"]
[WhiteCountry "USA"]
[BlackCountry "INT"]
[WhiteElo "1549"]
[WhiteRD "68"]
[BlackElo "1061"]
[BlackRD "48"]
[GameID "185586"]

1. e4 c5 2. d4 e6 3. c3 d6 4. Nf3 g6 5. Bb5+ Bd7 6. Qa4 Bxb5 7. Qxb5+ Qd7 8. Qxd7+ Nxd7 9. O-O Bg7 10. Bf4 Bf8
11. e5 d5 12. Nbd2 cxd4 13. Nxd4 Bh6 14. Bxh6 f6 15. Bg7 Ne7 16. Bxh8 f5 17. Nxe6 Kf7 18. Ng5+ Kg8 19. Bf6 Nc6 20. Rfe1 h6
21. Ngf3 Re8 22. Re2 b5 23. Rae1 g5 24. h4 g4 25. Nd4 b4 26. Nxc6 Nxf6 27. exf6
1-0

[Event "Smith Morra Gambit"]
[Site "SchemingMind.com"]
[Date "2008.12.31"]
[Round "-"]
[White "jdcald13"]
[Black "lame wolf"]
[Result "1-0"]
[WhiteCountry "USA"]
[BlackCountry "INT"]
[WhiteElo "1881"]
[WhiteRD "78"]
[BlackElo "1025"]
[BlackRD "56"]
[GameID "185587"]

1. e4 c5 2. d4 e6 3. Nf3 b6 4. Nc3 Bb7 5. d5 Ba6 6. Bxa6 Nxa6 7. Qe2 Bd6 8. Qxa6 Qc8 9. Qe2 e5 10. Nb5 Qb8
11. O-O a6 12. Nxd6+ Qxd6 13. Nh4 b5 14. f4 c4 15. Nf5 Qb6+ 16. Be3 Qb8 17. fxe5 Qxe5 18. Bd4 Qxd4+ 19. Nxd4 Nf6 20. e5 Nxd5
21. Qf3 O-O 22. Qxd5 Rfe8 23. Rxf7
1-0

[Event "Smith Morra Gambit"]
[Site "SchemingMind.com"]
[Date "2008.12.29"]
[Round "-"]
[White "aadaam"]
[Black "lame wolf"]
[Result "0-1"]
[WhiteCountry "INT"]
[BlackCountry "INT"]
[WhiteElo "1768"]
[WhiteRD "44"]
[BlackElo "1025"]
[BlackRD "56"]
[GameID "185588"]

1. e4 c5 2. d4 e6 3. Nf3 Qc7 4. Be2 d6 5. O-O Ne7 6. c4 Nbc6 7. d5 Ne5 8. Nc3 Nxf3+ 9. Bxf3 e5 10. Bg4 Bxg4
11. Qxg4 Qd7 12. Qxd7+ Kxd7 13. f4 Ng6 14. f5 Nf4 15. Bxf4 exf4 16. Rxf4 f6 17. g4 h5 18. h3 hxg4 19. hxg4 Rh6 20. Kg2 g5
21. Ne2 gxf4 22. Nxf4 Be7 23. Nh5 a6 24. a4 Kc7 25. b3 Kb8
0-1

[Event "Smith Morra Gambit"]
[Site "SchemingMind.com"]
[Date "2009.01.06"]
[Round "-"]
[White "sentinel"]
[Black "Gary"]
[Result "0-1"]
[WhiteCountry "AUS"]
[BlackCountry "ENG"]
[WhiteElo "1261"]
[WhiteRD "102"]
[BlackElo "1619"]
[BlackRD "73"]
[GameID "185933"]

1. e4 c5 2. d4 cxd4 3. Qxd4 Nc6 4. Qc3 e6 5. a3 d6 6. Nf3 Nf6 7. Bb5 Bd7 8. Bf4 Be7 9. Ng5 h6 10. Bxc6 Bxc6
11. Nd2 hxg5 12. Bxg5 Qc7 13. Nc4 O-O-O 14. Na5 Nxe4 15. Qd4 Nxg5 16. Qxg7 Qxa5+ 17. c3 Bxg2 18. Rg1 Nf3+
0-1

[Event "Smith Morra Gambit"]
[Site "SchemingMind.com"]
[Date "2009.01.06"]
[Round "-"]
[White "sentinel"]
[Black "lame wolf"]
[Result "1-0"]
[WhiteCountry "AUS"]
[BlackCountry "INT"]
[WhiteElo "1261"]
[WhiteRD "102"]
[BlackElo "1025"]
[BlackRD "56"]
[GameID "185934"]

1. e4 c5 2. d4 cxd4 3. Qxd4 d6 4. Bc4 e5 5. Qd5 Qd7 6. Nf3 Nf6 7. Qd3 b6 8. Ng5 Nc6 9. Nxf7 Rg8 10. Bg5 Ke7
11. Bxf6+ gxf6 12. Qd5 Bb7 13. Nxd6 Rg7 14. Nf5+
1-0

[Event "Smith Morra Gambit"]
[Site "SchemingMind.com"]
[Date "2009.01.06"]
[Round "-"]
[White "sentinel"]
[Black "Kenny Elliott"]
[Result "0-1"]
[WhiteCountry "AUS"]
[BlackCountry "USA"]
[WhiteElo "1291"]
[WhiteRD "93"]
[BlackElo "1549"]
[BlackRD "68"]
[GameID "185935"]

1. e4 c5 2. d4 cxd4 3. Qxd4 Nc6 4. Qc3 Nf6 5. f3 g6 6. Bc4 Bg7 7. Nh3 O-O 8. Ng5 e6 9. e5 Nh5 10. Na3 Bxe5
11. Qd3 Nf4 12. Qe4 Qxg5 13. Bd2 d5 14. Qe3 Nxg2+ 15. Kf2 Nxe3 16. Bxe3 Qh4+ 17. Ke2 Nd4+ 18. Kd2 Nxf3+ 19. Ke2 Bxb2 20. Raf1 Bxa3
21. Bd3 Qh5 22. Rxf3 e5 23. h4 e4 24. Rf1 exf3+ 25. Rxf3 Bg4
0-1

[Event "Smith Morra Gambit"]
[Site "SchemingMind.com"]
[Date "2009.01.02"]
[Round "-"]
[White "sentinel"]
[Black "jdcald13"]
[Result "0-1"]
[WhiteCountry "AUS"]
[BlackCountry "USA"]
[WhiteElo "1291"]
[WhiteRD "93"]
[BlackElo "1849"]
[BlackRD "66"]
[GameID "185936"]

1. e4 c5 2. d4 cxd4 3. Qxd4 Nc6 4. Qd5 Nf6 5. Qd3 d6 6. Bg5 Qa5+ 7. Bd2 Qb6 8. f3 Qxb2 9. Qc3 Qxc3 10. Nxc3 g6
11. Bc4 Bg7 12. Nh3 Bxh3 13. gxh3 O-O 14. O-O Rac8 15. Rab1 Na5 16. Bd3 b6 17. Nb5 Nc4 18. Bf4 a6 19. Na7 Rc7 20. h4 b5
21. Nxb5 axb5 22. Rxb5 Nd7 23. Rb4 Nce5 24. Bb5 Rxc2 25. a4 Nc5 26. Rb3 Nxb3 27. h5 Nd2 28. Rf2 Ndxf3+ 29. Kg2 Rfc8 30. hxg6 hxg6
31. a5 Rxf2+ 32. Kxf2 Rc5 33. Be2 Rxa5 34. Bxf3 Nxf3 35. Kxf3 Be5 36. Bxe5 Rxe5
0-1

[Event "Smith Morra Gambit"]
[Site "SchemingMind.com"]
[Date "2009.01.06"]
[Round "-"]
[White "sentinel"]
[Black "aadaam"]
[Result "0-1"]
[WhiteCountry "AUS"]
[BlackCountry "INT"]
[WhiteElo "1261"]
[WhiteRD "102"]
[BlackElo "1768"]
[BlackRD "44"]
[GameID "185937"]

1. e4 c5 2. d4 cxd4 3. Qxd4 Nc6 4. Qc4 g6 5. Qc3 Nf6 6. Bf4 Bg7 7. Bc4 O-O 8. e5 Ng4 9. Qf3 Ngxe5 10. Qd5 Nxc4
11. Qxc4 Bxb2 12. Nf3 Bxa1 13. Bh6 Re8 14. Ng5 d5 15. Qf4 Qa5+ 16. Nd2 Bf6 17. O-O Bf5 18. Ngf3 e5 19. Qe3 Bxc2 20. Qc3 Qxc3
21. Rc1 Qb2 22. Rf1 e4 23. Ne1 d4 24. Nxc2 Qxc2 25. Rb1 e3 26. Nb3 exf2+ 27. Kf1 Qe2#
0-1

[Event "Smith Morra Gambit"]
[Site "SchemingMind.com"]
[Date "2009.01.01"]
[Round "-"]
[White "Gary"]
[Black "sentinel"]
[Result "1-0"]
[WhiteCountry "ENG"]
[BlackCountry "AUS"]
[WhiteElo "1619"]
[WhiteRD "73"]
[BlackElo "1261"]
[BlackRD "102"]
[GameID "185938"]

1. e4 c5 2. d4 cxd4 3. c3 dxc3 4. Nxc3 Nf6 5. Nf3 Qb6 6. Be2 e6 7. O-O Bd6 8. e5 Ne4 9. Nxe4 Be7 10. Qc2 Nc6
11. Rd1 d5 12. exd6 Bf6 13. Nc5 Nb4 14. Qa4+ Bd7 15. Nxd7 Bh4 16. Nxb6+ Nc6 17. Nxa8 O-O 18. Nxh4 Rxa8 19. Bb5 a6 20. Bxc6 bxc6
21. Qxc6 Rd8 22. d7 h6 23. Qc8 Rxc8 24. dxc8=Q+ Kh7 25. Rd8 g5 26. Rh8+
1-0

[Event "Smith Morra Gambit"]
[Site "SchemingMind.com"]
[Date "2009.01.01"]
[Round "-"]
[White "lame wolf"]
[Black "sentinel"]
[Result "0-1"]
[WhiteCountry "INT"]
[BlackCountry "AUS"]
[WhiteElo "1025"]
[WhiteRD "56"]
[BlackElo "1261"]
[BlackRD "102"]
[GameID "185939"]

1. e4 c5 2. d4 d6 3. d5 e5 4. Be3 Nf6 5. c4 h6 6. Bd3 b6 7. Bd2 Na6 8. a3 Bb7 9. b4 Be7 10. b5 Nc7
11. a4 a5 12. Nf3 Qd7 13. Be3 g5 14. O-O Ng4 15. Bd2 Nf6 16. Bc1 g4 17. Nfd2 h5 18. Nb3 g3 19. fxg3 Ng4 20. h3 Nf6
21. g4 hxg4 22. Bg5 gxh3 23. Bxf6 Bxf6 24. gxh3 Qxh3 25. Qf3 Qh2#
0-1

[Event "Smith Morra Gambit"]
[Site "SchemingMind.com"]
[Date "2009.01.02"]
[Round "-"]
[White "Kenny Elliott"]
[Black "sentinel"]
[Result "1-0"]
[WhiteCountry "USA"]
[BlackCountry "AUS"]
[WhiteElo "1549"]
[WhiteRD "68"]
[BlackElo "1291"]
[BlackRD "93"]
[GameID "185940"]

1. e4 c5 2. d4 f6 3. Nf3 b6 4. Bc4 e6 5. Nc3 a6 6. Bf4 Ne7 7. dxc5 bxc5 8. Bd6 Qb6 9. Bxe7 Bxe7 10. b3 Qb4
11. Qd2 Nc6 12. O-O Ne5 13. Nxe5 fxe5 14. a3 Qb6 15. Qe3 Qd6 16. Qf3 Qd2 17. Nd5 Rf8 18. Qh5+ Kd8 19. Nxe7 Kxe7 20. Qxe5 Rf6
21. Qxc5+ d6 22. Qc7+ Ke8 23. Qc6+ Bd7 24. Qxa8+ Ke7 25. Qxa6 Rh6 26. Rad1 Qf4 27. g3 Qxe4 28. Qxd6+ Kd8 29. Qxd7#
1-0

[Event "Smith Morra Gambit"]
[Site "SchemingMind.com"]
[Date "2009.01.06"]
[Round "-"]
[White "jdcald13"]
[Black "sentinel"]
[Result "1-0"]
[WhiteCountry "USA"]
[BlackCountry "AUS"]
[WhiteElo "1881"]
[WhiteRD "78"]
[BlackElo "1261"]
[BlackRD "102"]
[GameID "185941"]

1. e4 c5 2. d4 cxd4 3. c3 dxc3 4. Nxc3 e5 5. Nf3 d6 6. Bc4 Be6 7. Bd5 Bxd5 8. Nxd5 Ne7 9. Bg5 f6 10. Be3 Nxd5
11. Qxd5 Nc6 12. O-O a5 13. Nh4 a4 14. Nf5 Ra5 15. Qe6+ Be7 16. Bb6 Qxb6 17. Nxd6+ Kf8 18. Qf7#
1-0

[Event "Smith Morra Gambit"]
[Site "SchemingMind.com"]
[Date "2009.01.02"]
[Round "-"]
[White "aadaam"]
[Black "sentinel"]
[Result "1-0"]
[WhiteCountry "INT"]
[BlackCountry "AUS"]
[WhiteElo "1768"]
[WhiteRD "44"]
[BlackElo "1261"]
[BlackRD "102"]
[GameID "185942"]

1. e4 c5 2. d4 c4 3. Bxc4 Nc6 4. Nf3 f6 5. O-O a6 6. Re1 g6 7. Nc3 Nh6 8. e5 fxe5 9. Nxe5 Nxe5 10. Rxe5 e6
11. Bg5 Qb6 12. Nd5 Nf7 13. Nxb6 Rb8 14. Bf6 d5 15. Bxd5 Nd8 16. Qg4 h5 17. Qxg6+ Nf7 18. Bxe6 Bxe6 19. Rxe6+ Be7 20. Bxe7 Rh6
21. Qg8#
1-0